Shakespeare's Tragedies By Lines Quiz Stats

 Plays Quiz not verified by Sporcle

Also try: ASOIAF House Match
Challenge
Share
Tweet
Embed
Score 0/10 Timer 02:00
0 Plays Today
% Correct
Hamlet
87.4%
Julius Caesar
86.1%
Romeo and Juliet
85.5%
Othello
76.4%
Macbeth
73.2%
Titus Andronicus
53.1%
Antony and Cleopatra
51.3%
King Lear
51%
Coriolanus
36.4%
Timon of Athens
28.2%

You're not logged in!

Compare scores with friends on all Sporcle quizzes.
OR
Log In

You Might Also Like...

Show Comments

Extras

Top Quizzes Today


Score Distribution

Your Account Isn't Verified!

In order to create a playlist on Sporcle, you need to verify the email address you used during registration. Go to your Sporcle Settings to finish the process.

Report this User

Report this user for behavior that violates our Community Guidelines.

Details: